000 01367nam0a2200337 i 4500
001 RU\NLR\BIBL_A\010191327
005 20260405233243.0
010 _a9785905735776
_9500
021 _aRU
_b2013-101651
_97061
035 _a(NILC)RuMoRGB-006716941
035 _a(NLR Aleph) 010191327
090 _a10198913
_c10198913
100 _a20140214d2013 km y0rusy50 ca
101 0 _arus
102 _aRU
105 _aa|||7|||001y0
200 1 _aЭкологическое предпринимательство в России: теория и практика
_eмонография
_fП.В. Швагерус
210 _aМосква
_cЭкономическая газета
_d2013
215 _a209 с.
_cил.
_d22
320 _aБиблиогр.: с. 202-209 (95 назв.)
606 1 _aОкружающая среда
_xОхрана
_xПредпринимательство
_yРоссийская Федерация
_92589618
_3RU\NLR\AUTH\6601740345
686 1 _aУ9(2)-13(2Р)
686 1 _aУ28(2Р)
700 1 _8rus
_7ca
_aШвагерус
_bП. В.
_gПолина Валерьяновна
_3RU\NLR\AUTH\77106989
_989914
801 0 _aRU
_bRuMoRKP
_c20131216
_gRCR
801 2 _aRU
_bРГБ
_c20140115
_grcr
801 1 _aRU
_bRuMoRKP
_c20131216
_2rusmarc
942 _cBOOK
980 _aNBR